| 000 | 00582nam a2200181 i 4500 | ||
|---|---|---|---|
| 001 | 104096 | ||
| 003 | ES-MaACL | ||
| 005 | 20230906183517.0 | ||
| 007 | t| | ||
| 008 | 051123s1973 sp ||||1| spa d | ||
| 100 | 1 |
_aMichalowski, Kazimierz. _980869 |
|
| 245 | 1 | 0 |
_aArte y civilización de Egipto / _cKazimierz Michalowski; [traducción de Mariuccia Galfetti de Gili]. |
| 260 |
_aBarcelona : _bGustavo Gili, _c1973. |
||
| 300 |
_a496 p. con 104 lám. ; _c32 cm. |
||
| 500 | _aEs segunda tirada. | ||
| 700 | 1 |
_aGalfetti, Mariuccia. _953387 |
|
| 852 |
_aES-MaACL _jE-8778 _bR.91901 |
||
| 999 |
_c104096 _d104096 |
||